000 00600nam a22001817a 4500
008 130301t xxu||||| |||| 00| 0 eng d
020 _a9-7819-0539-1912
082 _222 ed.
_a346.05 COU
100 _aCousal,Helen
_96613
245 _aPrivate client :
_bwills,Trusts and Estate planning 2010 /
_cHelen Cousal and Lesley king
260 _aGurldford :
_bCollege of law publishing
_c2010
300 _axv, 284 P. ;
_c30 cm.
500 _aIncludes Index
650 _awills,Trusts and Estate planning
_96986
650 _aPrivate client
_96987
700 _a king, Lesley
_96614
942 _2ddc
_cBK
999 _c5298
_d5298